[Event "NB1 Charousek csoport"]
[Site "Esztergom"]
[Date "2024.11.17"]
[Round "2.10"]
[White "Szabo, Abel"]
[Black "Csoli, Odon"]
[Result "1-0"]
[WhiteElo "2086"]
[BlackElo "2043"]
[PlyCount "83"]
[EventDate "2024.11.03"]
[EventType "team-tourn"]
[EventRounds "11"]
[EventCountry "HUN"]
[Source "chess.hu"]
[SourceDate "2024.11.17"]
[WhiteTeam "Esztergomi SC"]
[BlackTeam "Biatorbagy II"]
[WhiteTeamCountry "HUN"]
[BlackTeamCountry "HUN"]

1. e4 e6 2. d4 d5 3. e5 c5 4. c3 Nc6 5. Nf3 Bd7 6. Be2 Nge7 7. Nbd2 Nf5 8. Nb3
cxd4 9. cxd4 Be7 10. O-O Qb6 11. Be3 O-O 12. Bd3 Nxe3 13. fxe3 Nb4 14. Bb1 f6
15. a3 Nc6 16. exf6 Rxf6 17. Qd3 g6 18. Ba2 Raf8 19. Rae1 Nd8 20. Rf2 Bc6 21.
Rd2 Nf7 22. Qc2 Nd6 23. Nc5 Ne4 24. Nxe4 dxe4 25. Ne5 Bb5 26. g3 Rf1+ 27. Rxf1
Rxf1+ 28. Kg2 Ra1 29. Qc8+ Kg7 30. Bxe6 Qd8 31. Qxd8 Bxd8 32. Rf2 Be8 33. Bd7
Bxd7 34. Rf7+ Kg8 35. Rxd7 Bb6 36. Rxb7 Rc1 37. Ng4 Rc2+ 38. Kh3 h5 39. Nf6+
Kf8 40. Nd7+ Ke8 41. Nxb6 axb6 42. Rxb6 1-0

[Event "NB1 Charousek csoport"]
[Site "Esztergom"]
[Date "2024.11.17"]
[Round "2.11"]
[White "Ruip, Janos"]
[Black "Szabo, Lajos"]
[Result "1-0"]
[WhiteElo "2030"]
[BlackElo "1999"]
[PlyCount "71"]
[EventDate "2024.11.03"]
[EventType "team-tourn"]
[EventRounds "11"]
[EventCountry "HUN"]
[Source "chess.hu"]
[SourceDate "2024.11.17"]
[WhiteTeam "Biatorbagy II"]
[BlackTeam "Esztergomi SC"]
[WhiteTeamCountry "HUN"]
[BlackTeamCountry "HUN"]

1. e4 e6 2. d4 d5 3. e5 c5 4. c3 Nc6 5. Nf3 Bd7 6. a3 c4 7. Nbd2 Nge7 8. b4 a6
9. Be2 Nf5 10. Nf1 Be7 11. Ne3 Nxe3 12. Bxe3 f6 13. Qd2 O-O 14. O-O Be8 15.
exf6 Bxf6 16. Ng5 Bd7 17. Rae1 Ne7 18. Nf3 Ng6 19. Bd1 a5 20. Bc2 axb4 21. axb4
Ra2 22. Ra1 Rxa1 23. Rxa1 Be8 24. Bg5 Bf7 25. Bxf6 Qxf6 26. Bxg6 Bxg6 27. Ne5
Be8 28. f3 Qd8 29. Qe2 Rf5 30. g3 Qb8 31. Kg2 Rf6 32. h4 Qc8 33. Qa2 Bh5 34.
Qa8 Rf8 35. Qxc8 Rxc8 36. Ra7 1-0

[Event "NB1 Charousek csoport"]
[Site "Szombathely"]
[Date "2024.11.17"]
[Round "2.2"]
[White "Trbojevic, Mladen"]
[Black "Takacs, Balazs"]
[Result "1/2-1/2"]
[WhiteElo "2340"]
[BlackElo "2320"]
[PlyCount "113"]
[EventDate "2024.11.03"]
[EventType "team-tourn"]
[EventRounds "11"]
[EventCountry "HUN"]
[Source "chess.hu"]
[SourceDate "2024.11.17"]
[WhiteTeam "Haladas VSE"]
[BlackTeam "SZ-A STE"]
[WhiteTeamCountry "HUN"]
[BlackTeamCountry "HUN"]

1. e4 c5 2. Nf3 g6 3. c3 d5 4. exd5 Qxd5 5. d4 Bg7 6. Na3 cxd4 7. Nb5 Na6 8.
Nbxd4 Nf6 9. Bb5+ Bd7 10. Bxa6 bxa6 11. O-O O-O 12. Re1 Rfe8 13. Ne5 Rad8 14.
Qb3 e6 15. Bg5 h6 16. Qxd5 exd5 17. Bxf6 Bxf6 18. Nxd7 Rxe1+ 19. Rxe1 Rxd7 20.
Nb3 Rb7 21. Re2 Rb5 22. Re8+ Kg7 23. Rc8 d4 24. cxd4 Rb4 25. Rc2 Bxd4 26. Nxd4
Rxd4 27. Kf1 a5 28. Ke2 Rd6 29. Rc4 Kf6 30. b3 Ke6 31. Ke3 h5 32. h4 f6 33. f3
f5 34. g3 Kf6 35. Rc7 Ra6 36. Kf4 a4 37. b4 a3 38. Ke3 Ra4 39. Rb7 a5 40. Rb6+
Kf7 41. Ra6 Rxb4 42. Rxa5 f4+ 43. gxf4 Rb2 44. Rxa3 Rh2 45. f5 Rxh4 46. fxg6+
Kxg6 47. Ra6+ Kg5 48. Ra5+ Kg6 49. f4 Rh1 50. Rg5+ Kf6 51. a4 Ra1 52. Ra5 Re1+
53. Kf3 Rf1+ 54. Kg3 Rg1+ 55. Kf2 Ra1 56. Kg2 Ra3 57. Rxh5 1/2-1/2

[Event "NB1 Charousek csoport"]
[Site "Szombathely"]
[Date "2024.11.17"]
[Round "2.3"]
[White "Buzas, Bertalan"]
[Black "Csontos, Aron"]
[Result "1-0"]
[WhiteElo "2300"]
[BlackElo "2224"]
[PlyCount "63"]
[EventDate "2024.11.03"]
[EventType "team-tourn"]
[EventRounds "11"]
[EventCountry "HUN"]
[Source "chess.hu"]
[SourceDate "2024.11.17"]
[WhiteTeam "SZ-A STE"]
[BlackTeam "Haladas VSE"]
[WhiteTeamCountry "HUN"]
[BlackTeamCountry "HUN"]

1. d4 Nf6 2. c4 e6 3. Nc3 Bb4 4. e3 c5 5. a3 Bxc3+ 6. bxc3 Nc6 7. Bd3 O-O 8.
Ne2 b6 9. e4 Ne8 10. Be3 Ba6 11. Qa4 Qc8 12. O-O Na5 13. dxc5 d6 14. Rad1 dxc5
15. e5 Qc6 16. Qc2 Bxc4 17. Bxh7+ Kh8 18. Be4 Bd5 19. Bxd5 exd5 20. f4 f5 21.
Rf3 g6 22. Rh3+ Kg7 23. Bf2 Kf7 24. Qd3 Rd8 25. Rh7+ Ng7 26. Bh4 Rd7 27. Bf6
Rg8 28. Qh3 Ke6 29. Qh6 Ne8 30. Rh8 Rxh8 31. Qxg6 Rh6 32. Qxe8+ 1-0

[Event "NB1 Charousek csoport"]
[Site "Szombathely"]
[Date "2024.11.17"]
[Round "2.4"]
[White "Egri, Laszlo Jr"]
[Black "Gjuran, Denis"]
[Result "1/2-1/2"]
[WhiteElo "2243"]
[BlackElo "2253"]
[PlyCount "23"]
[EventDate "2024.11.03"]
[EventType "team-tourn"]
[EventRounds "11"]
[EventCountry "HUN"]
[Source "chess.hu"]
[SourceDate "2024.11.17"]
[WhiteTeam "Haladas VSE"]
[BlackTeam "SZ-A STE"]
[WhiteTeamCountry "HUN"]
[BlackTeamCountry "HUN"]

1. Nf3 d5 2. c4 e6 3. g3 Nf6 4. Bg2 Be7 5. O-O O-O 6. d4 b6 7. Qc2 Bb7 8. Rd1
Na6 9. cxd5 exd5 10. Nc3 c5 11. dxc5 bxc5 12. Nh4 1/2-1/2

[Event "NB1 Charousek csoport"]
[Site "Szombathely"]
[Date "2024.11.17"]
[Round "2.5"]
[White "Buzeti, Jernej"]
[Black "Nemeth, Denes"]
[Result "1/2-1/2"]
[WhiteElo "2239"]
[BlackElo "2182"]
[PlyCount "28"]
[EventDate "2024.11.03"]
[EventType "team-tourn"]
[EventRounds "11"]
[EventCountry "HUN"]
[Source "chess.hu"]
[SourceDate "2024.11.17"]
[WhiteTeam "SZ-A STE"]
[BlackTeam "Haladas VSE"]
[WhiteTeamCountry "HUN"]
[BlackTeamCountry "HUN"]

1. e4 c5 2. Nf3 d6 3. d4 cxd4 4. Nxd4 Nf6 5. Nc3 g6 6. Be3 Bg7 7. f3 O-O 8. Qd2
Nc6 9. Bc4 Bd7 10. Bb3 Rc8 11. O-O-O Ne5 12. Kb1 Nc4 13. Bxc4 Rxc4 14. h4 h5
1/2-1/2

[Event "NB1 Charousek csoport"]
[Site "Szombathely"]
[Date "2024.11.17"]
[Round "2.7"]
[White "Volosin, Vladimir"]
[Black "Tomasic, Roland"]
[Result "1/2-1/2"]
[WhiteElo "2162"]
[BlackElo "2118"]
[PlyCount "145"]
[EventDate "2024.11.03"]
[EventType "team-tourn"]
[EventRounds "11"]
[EventCountry "HUN"]
[Source "chess.hu"]
[SourceDate "2024.11.17"]
[WhiteTeam "SZ-A STE"]
[BlackTeam "Haladas VSE"]
[WhiteTeamCountry "HUN"]
[BlackTeamCountry "HUN"]

1. c4 f5 2. f4 Nf6 3. Nf3 g6 4. g3 Bg7 5. Bg2 O-O 6. Nc3 d6 7. d3 c6 8. e4 fxe4
9. dxe4 Ng4 10. Qc2 Na6 11. h3 Nf6 12. O-O Qb6+ 13. Kh2 Qc5 14. Na4 Qh5 15. Nh4
Nd7 16. Bf3 Qh6 17. Bg4 Bf6 18. Nf3 Qg7 19. Bd2 Nc7 20. Nc3 e6 21. h4 Qe7 22.
Bh3 Ne8 23. Rae1 e5 24. f5 Nb6 25. Bh6 Ng7 26. Qd3 Rd8 27. Bxg7 Kxg7 28. b3 Nd7
29. Qe3 Nf8 30. Rd1 h6 31. Qf2 gxf5 32. exf5 e4 33. Nd4 d5 34. cxd5 cxd5 35.
Qe3 a6 36. Na4 Qc7 37. Ne6+ Bxe6 38. fxe6 Qe7 39. Nb6 Rac8 40. Nxc8 Rxc8 41.
Rxd5 Rc2+ 42. Kh1 Rc3 43. Qxe4 Rxg3 44. Rf3 Rxf3 45. Qxf3 Bxh4 46. Qf5 Bf6 47.
Rd3 Qc7 48. Qf3 Qe7 49. Qg3+ Kh8 50. Qf4 Kh7 51. Bf5+ Kg7 52. Qd6 Qe8 53. Rg3+
Kh8 54. e7 Qxe7 55. Qxe7 Bxe7 56. Bc8 b5 57. Bxa6 b4 58. Bc8 Nh7 59. Rg6 Bg5
60. Ra6 Bc1 61. Ra4 Ba3 62. Ra6 Kg7 63. Ra7+ Kg6 64. Ba6 Nf6 65. Kg2 Nd5 66.
Bd3+ Kf6 67. Ra6+ Ke5 68. Kf3 Bc1 69. Rc6 Bg5 70. Rc4 Bd2 71. Rc2 Bg5 72. Rc5
Kd4 73. Rb5 1/2-1/2

[Event "NB1 Charousek csoport"]
[Site "Szombathely"]
[Date "2024.11.17"]
[Round "2.8"]
[White "Apro, Barnabas"]
[Black "Kovac, Boris"]
[Result "0-1"]
[WhiteElo "2112"]
[BlackElo "2191"]
[PlyCount "74"]
[EventDate "2024.11.03"]
[EventType "team-tourn"]
[EventRounds "11"]
[EventCountry "HUN"]
[Source "chess.hu"]
[SourceDate "2024.11.17"]
[WhiteTeam "Haladas VSE"]
[BlackTeam "SZ-A STE"]
[WhiteTeamCountry "HUN"]
[BlackTeamCountry "HUN"]

1. e4 c5 2. Nf3 d6 3. Bb5+ Bd7 4. Bxd7+ Nxd7 5. O-O Ngf6 6. Qe2 e6 7. c4 Be7 8.
Nc3 O-O 9. d3 Re8 10. h3 Nf8 11. Nh2 N6d7 12. f4 Nb6 13. Qg4 d5 14. cxd5 exd5
15. e5 Ng6 16. Nf3 Bf8 17. h4 Qc8 18. Qh5 h6 19. e6 Nh8 20. exf7+ Nxf7 21. Nxd5
Qd7 22. Nxb6 axb6 23. Rd1 Qe6 24. f5 Qe2 25. Bf4 Rxa2 26. Rxa2 Qxd1+ 27. Kh2
Qxd3 28. Ra1 Bd6 29. Bxd6 Qxd6+ 30. Kh1 Qf6 31. Rb1 Nd6 32. Rd1 Qxf5 33. Qxf5
Nxf5 34. g4 Re3 35. Kg2 Re2+ 36. Kh3 Ne3 37. b3 Nxd1 0-1

[Event "NB1 Charousek csoport"]
[Site "Szombathely"]
[Date "2024.11.17"]
[Round "2.9"]
[White "Makk, Robert"]
[Black "Bardics, Marko"]
[Result "1/2-1/2"]
[WhiteElo "2140"]
[BlackElo "1963"]
[PlyCount "35"]
[EventDate "2024.11.03"]
[EventType "team-tourn"]
[EventRounds "11"]
[EventCountry "HUN"]
[Source "chess.hu"]
[SourceDate "2024.11.17"]
[WhiteTeam "SZ-A STE"]
[BlackTeam "Haladas VSE"]
[WhiteTeamCountry "HUN"]
[BlackTeamCountry "HUN"]

1. e4 c5 2. Nf3 d6 3. d4 cxd4 4. Nxd4 Nf6 5. Nc3 g6 6. Bg5 Bg7 7. Bb5+ Bd7 8.
Bxd7+ Nbxd7 9. Qe2 Rc8 10. O-O-O Qa5 11. f4 Rxc3 12. bxc3 Qxc3 13. Nb3 h6 14.
Bxf6 Bxf6 15. Rhf1 Qb2+ 16. Kd2 Qc3+ 17. Kc1 Qb2+ 18. Kd2 1/2-1/2

[Event "NB1 Charousek csoport"]
[Site "Szombathely"]
[Date "2024.11.17"]
[Round "2.10"]
[White "Jokai, Bence"]
[Black "Hitter, Gabriella"]
[Result "1-0"]
[WhiteElo "1888"]
[BlackElo "2044"]
[PlyCount "85"]
[EventDate "2024.11.03"]
[EventType "team-tourn"]
[EventRounds "11"]
[EventCountry "HUN"]
[Source "chess.hu"]
[SourceDate "2024.11.17"]
[WhiteTeam "Haladas VSE"]
[BlackTeam "SZ-A STE"]
[WhiteTeamCountry "HUN"]
[BlackTeamCountry "HUN"]

1. e4 c5 2. Nf3 d6 3. d4 cxd4 4. Nxd4 Nf6 5. Nc3 a6 6. Be3 e6 7. Be2 Be7 8. g4
Qc7 9. Qd2 b6 10. g5 Nfd7 11. f4 Bb7 12. Bf3 Nc6 13. Nxc6 Bxc6 14. Qg2 O-O-O
15. Ne2 Bb7 16. Nd4 Rhe8 17. O-O h6 18. g6 Bf6 19. gxf7 Re7 20. e5 dxe5 21.
Bxb7+ Qxb7 22. Nc6 exf4 23. Nxe7+ Bxe7 24. Qxb7+ Kxb7 25. Bxf4 Nf6 26. Rad1 Rf8
27. Rfe1 Rxf7 28. Rxe6 Bc5+ 29. Be3 Bxe3+ 30. Rxe3 Ng4 31. Re6 Nf2 32. Rde1
Nh3+ 33. Kh1 Rf2 34. R6e2 Rxe2 35. Rxe2 Kc6 36. Re6+ Kc5 37. Rg6 Nf4 38. Rxg7
Kd5 39. Rd7+ Kc5 40. Kg1 Ne2+ 41. Kf2 Nd4 42. Rh7 Nxc2 43. Rc7+ 1-0

[Event "NB1 Charousek csoport"]
[Site "Szombathely"]
[Date "2024.11.17"]
[Round "2.11"]
[White "Makk, Norbert"]
[Black "Gombocz, Zsofia"]
[Result "0-1"]
[WhiteElo "1987"]
[BlackElo "2005"]
[PlyCount "50"]
[EventDate "2024.11.03"]
[EventType "team-tourn"]
[EventRounds "11"]
[EventCountry "HUN"]
[Source "chess.hu"]
[SourceDate "2024.11.17"]
[WhiteTeam "SZ-A STE"]
[BlackTeam "Haladas VSE"]
[WhiteTeamCountry "HUN"]
[BlackTeamCountry "HUN"]

1. e4 e5 2. Nf3 Nc6 3. Bb5 a6 4. Ba4 Nf6 5. d4 exd4 6. O-O b5 7. Bb3 Be7 8. Re1
d6 9. a4 Bg4 10. Bg5 Ne5 11. Nbd2 O-O 12. Qe2 Nh5 13. Nxe5 Bxe2 14. Nc6 Qd7 15.
Nxe7+ Kh8 16. Rxe2 f6 17. Bd5 Qxe7 18. Bxa8 fxg5 19. Bc6 Nf4 20. Ree1 Qe5 21.
Nb3 d3 22. c3 Ne2+ 23. Rxe2 dxe2 24. Re1 bxa4 25. Nd4 Qf4 0-1

[Event "NB1 Charousek csoport"]
[Site "Szombathely"]
[Date "2024.11.17"]
[Round "2.12"]
[White "Pergel, Bence"]
[Black "Librecz, Lenard"]
[Result "0-1"]
[WhiteElo "1710"]
[BlackElo "1769"]
[PlyCount "90"]
[EventDate "2024.11.03"]
[EventType "team-tourn"]
[EventRounds "11"]
[EventCountry "HUN"]
[Source "chess.hu"]
[SourceDate "2024.11.17"]
[WhiteTeam "Haladas VSE"]
[BlackTeam "SZ-A STE"]
[WhiteTeamCountry "HUN"]
[BlackTeamCountry "HUN"]

1. Nf3 g6 2. g3 Bg7 3. Bg2 e5 4. e4 Ne7 5. Nc3 O-O 6. d4 d6 7. dxe5 dxe5 8.
Qxd8 Rxd8 9. O-O Nbc6 10. Nb5 Rd7 11. Be3 a6 12. Nc3 Nd4 13. Rac1 c5 14. Bxd4
cxd4 15. Na4 Rd6 16. Nc5 b6 17. Nd3 Bh6 18. Rcd1 f6 19. Nb4 Bb7 20. Rfe1 Rc8
21. Re2 a5 22. Nd3 Rdc6 23. Nfe1 Re8 24. f4 Nc8 25. fxe5 fxe5 26. Nf3 Bg7 27.
Rf1 Nd6 28. Bh3 Rc7 29. Ng5 Rce7 30. Rfe1 Bh6 31. Nf3 Be3+ 32. Rxe3 dxe3 33.
Rxe3 Bxe4 34. Ng5 Bxd3 35. Rxd3 Nc4 36. Bg2 e4 37. Rd4 Ne3 38. Nxe4 Kg7 39. Nc3
Nxc2 40. Rd6 Re1+ 41. Kf2 Rf8+ 42. Bf3 Re3 43. a3 Rfxf3+ 44. Kg2 Rxc3 45. bxc3
Rxc3 0-1

[Event "NB1 Charousek csoport"]
[Site "Ajka"]
[Date "2024.11.17"]
[Round "2.1"]
[White "Csiszar, Csaba"]
[Black "Kolimar, Kristof Pal"]
[Result "1-0"]
[WhiteElo "2376"]
[BlackElo "2286"]
[PlyCount "89"]
[EventDate "2024.11.03"]
[EventType "team-tourn"]
[EventRounds "11"]
[EventCountry "HUN"]
[Source "chess.hu"]
[SourceDate "2024.11.17"]
[WhiteTeam "Komloi BSK"]
[BlackTeam "Sentimento Ajka BSK "]
[WhiteTeamCountry "HUN"]
[BlackTeamCountry "HUN"]

1. d4 Nf6 2. Nf3 g6 3. c4 Bg7 4. Nc3 O-O 5. Bf4 d6 6. e3 c5 7. d5 Nh5 8. Bg5 h6
9. Bh4 g5 10. Nd2 Qb6 11. Rb1 Bf5 12. e4 Bg6 13. g4 Nf4 14. Bg3 Nd7 15. Qc2 Ne5
16. f3 Qa5 17. Kf2 e6 18. Bxf4 gxf4 19. h4 f5 20. gxf5 exf5 21. Bh3 fxe4 22.
Ncxe4 Rae8 23. Be6+ Kh8 24. Rbg1 Bh7 25. Qb3 b5 26. Qxb5 Qc7 27. b3 Rb8 28. Qa6
Rb6 29. Qa4 Qb7 30. Ke2 Ra6 31. Qb5 Rb6 32. Qa4 Ra6 33. Qb5 Qxb5 34. cxb5 Rxa2
35. Ra1 Rxa1 36. Rxa1 Nxf3 37. Rxa7 Nd4+ 38. Kf1 Nxb5 39. Rb7 Na3 40. Nxd6 Bd3+
41. Kg2 Ra8 42. Kf3 Nc2 43. N2e4 Ra1 44. Rb8+ Kh7 45. Bf5# 1-0

[Event "NB1 Charousek csoport"]
[Site "Ajka"]
[Date "2024.11.17"]
[Round "2.2"]
[White "Czebe, Attila"]
[Black "Ronai, Akos Balazs"]
[Result "1-0"]
[WhiteElo "2306"]
[BlackElo "2195"]
[PlyCount "117"]
[EventDate "2024.11.03"]
[EventType "team-tourn"]
[EventRounds "11"]
[EventCountry "HUN"]
[Source "chess.hu"]
[SourceDate "2024.11.17"]
[WhiteTeam "Sentimento Ajka BSK "]
[BlackTeam "Komloi BSK"]
[WhiteTeamCountry "HUN"]
[BlackTeamCountry "HUN"]

1. Nf3 c5 2. e4 Nc6 3. d4 cxd4 4. Nxd4 Nf6 5. Nc3 e5 6. Ndb5 d6 7. Bg5 a6 8.
Na3 b5 9. Bxf6 gxf6 10. Nd5 Be6 11. c3 Bg7 12. Nc2 f5 13. exf5 Bxf5 14. Nce3
Be6 15. a4 b4 16. Bd3 bxc3 17. bxc3 Ne7 18. Nxe7 Qxe7 19. O-O d5 20. Qh5 Rd8
21. Bf5 d4 22. Bxe6 dxe3 23. Bc4 O-O 24. fxe3 Rc8 25. Qg4 Qc5 26. Bxa6 Qxe3+
27. Kh1 Rxc3 28. Bb7 f5 29. Qb4 e4 30. a5 Qh6 31. Qb5 Re3 32. Rad1 f4 33. a6 f3
34. gxf3 exf3 35. Bxf3 Kh8 36. a7 Be5 37. Rf2 Qf4 38. Qd5 Ra3 39. Be4 Qxf2 40.
Qxe5+ Qf6 41. Qxf6+ Rxf6 42. a8=Q+ Rxa8 43. Bxa8 Kg7 44. Be4 h5 45. Kg2 Rf4 46.
Bf3 h4 47. Kf2 Kf6 48. Ke3 Rb4 49. Rd6+ Kg5 50. Rd5+ Kf6 51. h3 Kg6 52. Be4+
Kh6 53. Kf4 Rb6 54. Kg4 Rf6 55. Bf5 Rb6 56. Re5 Rb4+ 57. Be4 Rb6 58. Re7 Rb7
59. Bxb7 1-0

[Event "NB1 Charousek csoport"]
[Site "Ajka"]
[Date "2024.11.17"]
[Round "2.3"]
[White "Karsa, Laszlo"]
[Black "Konyves, Almos"]
[Result "1-0"]
[WhiteElo "2314"]
[BlackElo "2262"]
[PlyCount "83"]
[EventDate "2024.11.03"]
[EventType "team-tourn"]
[EventRounds "11"]
[EventCountry "HUN"]
[Source "chess.hu"]
[SourceDate "2024.11.17"]
[WhiteTeam "Komloi BSK"]
[BlackTeam "Sentimento Ajka BSK "]
[WhiteTeamCountry "HUN"]
[BlackTeamCountry "HUN"]

1. d4 Nf6 2. c4 e6 3. Nc3 Bb4 4. e3 b6 5. Nge2 Ne4 6. Bd2 Nxd2 7. Qxd2 Bb7 8.
a3 Be7 9. Nf4 d6 10. Be2 Nd7 11. O-O O-O 12. Rad1 Qe8 13. Qc2 g5 14. Nh5 f5 15.
d5 e5 16. g4 fxg4 17. Bxg4 Bc8 18. Ng3 Nf6 19. Bxc8 Rxc8 20. b4 Nd7 21. Nb5 a6
22. Na7 Ra8 23. Nc6 Rf6 24. Qe4 Nb8 25. Nxe5 dxe5 26. d6 Nc6 27. dxe7 Re6 28.
f4 gxf4 29. exf4 Qxe7 30. f5 Rh6 31. f6 Rxf6 32. Rxf6 Qxf6 33. b5 axb5 34. cxb5
Rd8 35. Rf1 Qg6 36. Qc4+ Kg7 37. bxc6 Rd6 38. Qh4 Rxc6 39. Qe7+ Kh6 40. Qh4+
Kg7 41. Qe7+ Kh6 42. Qxe5 1-0

[Event "NB1 Charousek csoport"]
[Site "Ajka"]
[Date "2024.11.17"]
[Round "2.4"]
[White "Varga, Zoltan"]
[Black "Benedek, Istvan"]
[Result "1-0"]
[WhiteElo "2290"]
[BlackElo "2207"]
[PlyCount "91"]
[EventDate "2024.11.03"]
[EventType "team-tourn"]
[EventRounds "11"]
[EventCountry "HUN"]
[Source "chess.hu"]
[SourceDate "2024.11.17"]
[WhiteTeam "Sentimento Ajka BSK "]
[BlackTeam "Komloi BSK"]
[WhiteTeamCountry "HUN"]
[BlackTeamCountry "HUN"]

1. d4 Nf6 2. c4 g6 3. Nc3 Bg7 4. e4 d6 5. f3 O-O 6. Be3 Nc6 7. Nge2 a6 8. Qd2
Rb8 9. Rc1 Bd7 10. b3 b5 11. cxb5 axb5 12. d5 Ne5 13. Nd4 Qe8 14. Be2 b4 15.
Nd1 c5 16. dxc6 Nxc6 17. Nxc6 Bxc6 18. Nf2 Qd7 19. O-O Qb7 20. Nd3 Rfc8 21. Rc4
Nxe4 22. fxe4 Bc3 23. Qd1 Bxe4 24. Nf4 e5 25. Rxe4 Qxe4 26. Nd5 Kg7 27. Bf3 Qh4
28. g3 Qd8 29. Be2 f5 30. Bc4 h5 31. Qc1 Bd4 32. Bxd4 exd4 33. Qd2 Qf8 34. Nxb4
Kh7 35. Nd5 Qg7 36. Qg5 Rf8 37. Re1 Rb7 38. Re6 Rbf7 39. Rxd6 d3 40. Nf4 Rf6
41. Rxd3 Qa7+ 42. Kf1 Qb7 43. Kf2 Qa7+ 44. Kg2 Qxa2+ 45. Kh3 Qa7 46. Be6 1-0

[Event "NB1 Charousek csoport"]
[Site "Ajka"]
[Date "2024.11.17"]
[Round "2.5"]
[White "Ivan, Attila"]
[Black "Egresi, Mate"]
[Result "0-1"]
[WhiteElo "2221"]
[BlackElo "2393"]
[PlyCount "112"]
[EventDate "2024.11.03"]
[EventType "team-tourn"]
[EventRounds "11"]
[EventCountry "HUN"]
[Source "chess.hu"]
[SourceDate "2024.11.17"]
[WhiteTeam "Komloi BSK"]
[BlackTeam "Sentimento Ajka BSK "]
[WhiteTeamCountry "HUN"]
[BlackTeamCountry "HUN"]

1. e4 c6 2. d4 d5 3. exd5 cxd5 4. c4 Nf6 5. Nc3 Nc6 6. Nf3 a6 7. Ne5 e6 8. cxd5
Nxd5 9. Nxc6 bxc6 10. Be2 g6 11. O-O Bg7 12. Bf3 O-O 13. Nxd5 cxd5 14. Be3 Qb6
15. Qd2 a5 16. Rfc1 Bd7 17. Rc2 Rfb8 18. Rac1 Rb7 19. g3 h5 20. h4 Qb4 21. Qxb4
Rxb4 22. a3 Rb7 23. Rc7 Rab8 24. b3 Bf8 25. a4 Ba3 26. R1c2 Bd6 27. Rxb7 Rxb7
28. Rc3 Bb4 29. Rc2 Ba3 30. Rc3 Bb4 31. Rc2 Ba3 32. Rc3 Bb2 33. Rd3 Bc8 34. Bd1
Rb8 35. Bc2 Ba6 36. Rd1 Rc8 37. Bd3 Bxd3 38. Rxd3 Bc3 39. Kg2 Bb4 40. Bf4 Rc2
41. Kf3 Be1 42. Be3 Kg7 43. Rd1 Bb4 44. Rd3 Kf6 45. Bg5+ Kf5 46. Kg2 Ke4 47.
Rf3 Rc7 48. Bd8 Rb7 49. Bf6 Bd2 50. Be5 f5 51. b4 axb4 52. a5 Ra7 53. Rb3 Bc3
54. Bd6 Rxa5 55. Bxb4 Bxb4 56. Rxb4 Ra6 0-1

[Event "NB1 Charousek csoport"]
[Site "Ajka"]
[Date "2024.11.17"]
[Round "2.6"]
[White "Horvath, Peter"]
[Black "Kresz, Adam"]
[Result "1-0"]
[WhiteElo "2352"]
[BlackElo "2188"]
[PlyCount "135"]
[EventDate "2024.11.03"]
[EventType "team-tourn"]
[EventRounds "11"]
[EventCountry "HUN"]
[Source "chess.hu"]
[SourceDate "2024.11.17"]
[WhiteTeam "Sentimento Ajka BSK "]
[BlackTeam "Komloi BSK"]
[WhiteTeamCountry "HUN"]
[BlackTeamCountry "HUN"]

1. d4 Nf6 2. Nf3 e6 3. Bg5 Be7 4. c4 c5 5. dxc5 Bxc5 6. Bxf6 Qxf6 7. Nc3 b6 8.
g3 Bb7 9. Bg2 O-O 10. O-O Rd8 11. a3 d5 12. cxd5 exd5 13. Nb5 a5 14. Nbd4 Na6
15. Qd2 a4 16. Rfd1 Nc7 17. Rac1 Ne8 18. Qg5 Qxg5 19. Nxg5 Nd6 20. e3 h6 21.
Ngf3 Nc4 22. Rc2 Rac8 23. Bh3 Rc7 24. Kg2 Bc8 25. Nb5 Bxh3+ 26. Kxh3 Rcd7 27.
Nfd4 Nd6 28. Nc3 Ra8 29. Nxd5 Ne4 30. Nc3 Ng5+ 31. Kg2 Bxd4 32. Rxd4 Rxd4 33.
exd4 Ne6 34. Rd2 Kf8 35. d5 Nc5 36. Rd4 Ke7 37. Kf3 f5 38. h4 g5 39. hxg5 hxg5
40. Rb4 Ra6 41. Ke3 Kd6 42. Kd4 Nb3+ 43. Kc4 Nc5 44. Kd4 Nb3+ 45. Ke3 Nc5 46.
g4 f4+ 47. Kd4 Nb3+ 48. Ke4 Nc5+ 49. Kf5 Nd3 50. Rxa4 Rxa4 51. Nxa4 Nxf2 52.
Kxg5 Nd3 53. Kh4 Kxd5 54. g5 Ke5 55. b4 Kf5 56. Nxb6 Ne5 57. a4 Nf3+ 58. Kh3
Nxg5+ 59. Kg2 Kg4 60. Nc4 f3+ 61. Kf1 Ne4 62. a5 Nc3 63. Nd6 Nd5 64. a6 Ne3+
65. Kf2 Kf4 66. a7 Ng4+ 67. Ke1 f2+ 68. Ke2 1-0

[Event "NB1 Charousek csoport"]
[Site "Ajka"]
[Date "2024.11.17"]
[Round "2.7"]
[White "Amrein, Roland"]
[Black "Jakab, Attila"]
[Result "1/2-1/2"]
[WhiteElo "2163"]
[BlackElo "2239"]
[PlyCount "75"]
[EventDate "2024.11.03"]
[EventType "team-tourn"]
[EventRounds "11"]
[EventCountry "HUN"]
[Source "chess.hu"]
[SourceDate "2024.11.17"]
[WhiteTeam "Komloi BSK"]
[BlackTeam "Sentimento Ajka BSK "]
[WhiteTeamCountry "HUN"]
[BlackTeamCountry "HUN"]

1. e4 c5 2. Nf3 g6 3. Bc4 Bg7 4. c3 d6 5. d4 cxd4 6. cxd4 Nf6 7. Nc3 O-O 8. O-O
Bg4 9. Be3 Nc6 10. Be2 e5 11. d5 Bxf3 12. Bxf3 Nd4 13. Bxd4 exd4 14. Qxd4 Nd7
15. Qb4 Nc5 16. Rad1 Rc8 17. Na4 a5 18. Qb5 Nxa4 19. Qxa4 Qb6 20. Rd3 Qxb2 21.
Qxa5 Bd4 22. Qa4 Bb6 23. Qb3 Rc2 24. Qxb2 Rxb2 25. Rb3 Rxb3 26. axb3 Rc8 27. e5
dxe5 28. d6 Rd8 29. Rd1 Bd4 30. Bxb7 Rxd6 31. Kf1 Rd7 32. Bc6 Rc7 33. Rc1 Ra7
34. Ba4 f5 35. Ke2 e4 36. Rd1 Be5 37. g3 Kf7 38. Rd7+ 1/2-1/2

[Event "NB1 Charousek csoport"]
[Site "Ajka"]
[Date "2024.11.17"]
[Round "2.8"]
[White "Cseke, Richard"]
[Black "Kresz, Tamas"]
[Result "1-0"]
[WhiteElo "2308"]
[BlackElo "2096"]
[PlyCount "101"]
[EventDate "2024.11.03"]
[EventType "team-tourn"]
[EventRounds "11"]
[EventCountry "HUN"]
[Source "chess.hu"]
[SourceDate "2024.11.17"]
[WhiteTeam "Sentimento Ajka BSK "]
[BlackTeam "Komloi BSK"]
[WhiteTeamCountry "HUN"]
[BlackTeamCountry "HUN"]

1. d4 d6 2. c4 e5 3. d5 f5 4. Nc3 Nf6 5. Bg5 a5 6. e4 g6 7. Bd3 Na6 8. h4 h6 9.
Bxf6 Qxf6 10. h5 Nc5 11. Bc2 Be7 12. Nf3 gxh5 13. Nh4 fxe4 14. Qxh5+ Qf7 15.
Ng6 Rg8 16. Nxe7 Qxh5 17. Rxh5 Kxe7 18. Nxe4 Rxg2 19. Kf1 Rg4 20. f3 Nxe4 21.
Bxe4 Rf4 22. Rxh6 Bf5 23. Bxf5 Rxf3+ 24. Ke2 Rxf5 25. Rg1 Raf8 26. Rg2 b6 27.
b3 Rf4 28. Rg7+ R8f7 29. Rxf7+ Rxf7 30. Ke3 Rg7 31. Kf3 Rg1 32. Rh7+ Kd8 33.
Rh2 Rc1 34. Ke4 Rc3 35. Kf5 Kc8 36. Ke6 a4 37. Rh8+ Kb7 38. Kd7 axb3 39. axb3
Rxb3 40. Rc8 e4 41. Rxc7+ Ka6 42. Kxd6 e3 43. Re7 Rc3 44. Re4 b5 45. c5 Ka5 46.
c6 b4 47. c7 b3 48. Rxe3 Rxe3 49. c8=Q b2 50. Qb7 Re2 51. Qb3 1-0

[Event "NB1 Charousek csoport"]
[Site "Ajka"]
[Date "2024.11.17"]
[Round "2.9"]
[White "Jaro, Benjamin"]
[Black "Szelenyi, Norbert"]
[Result "1/2-1/2"]
[WhiteElo "2022"]
[BlackElo "2252"]
[PlyCount "39"]
[EventDate "2024.11.03"]
[EventType "team-tourn"]
[EventRounds "11"]
[EventCountry "HUN"]
[Source "chess.hu"]
[SourceDate "2024.11.17"]
[WhiteTeam "Komloi BSK"]
[BlackTeam "Sentimento Ajka BSK "]
[WhiteTeamCountry "HUN"]
[BlackTeamCountry "HUN"]

1. c4 b6 2. Nc3 Bb7 3. d4 e6 4. e3 f5 5. Nf3 Nf6 6. a3 Be7 7. Be2 O-O 8. b3 Qe8
9. Bb2 Qg6 10. O-O d6 11. d5 e5 12. Nh4 Qg5 13. g3 g6 14. f4 Qh6 15. Nb5 Ne8
16. Ng2 Nd7 17. g4 a6 18. g5 Qg7 19. Nc3 Qf7 20. Qc2 1/2-1/2